Serbia World Cup 2022 Squad - Statistics

General Stats
  • This quiz has been taken 16 times
  • The average score is 21 of 26
Answer Stats
Position Club Player % Correct
FW Fulham Aleksandar Mitrovic
100%
FW Ajax Dusan Tadic
100%
FW Juventus Dusan Vlahovic
100%
MF Lazio Sergej Milinkovic-Savic
100%
DF Getafe Stefan Mitrovic
100%
GK Torino Vanja Milinkovic-Savic
100%
MF Juventus Filip Kostic
93%
GK Sevilla Marko Dmitrovic
93%
FW Fiorentina Luka Jovic
86%
MF Sevilla Nemanja Gudelj
86%
DF Fiorentina Nikola Milenkovic
86%
MF Torino Sasa Lukic
86%
MF Getafe Nemanja Maksimovic
79%
GK RCD Mallorca Predrag Rajkovic
79%
MF Hellas Verona Darko Lazovic
71%
MF Hellas Verona Ivan Ilic
71%
MF FC Porto Marko Grujic
71%
FW Torino Nemanja Radonjic
71%
DF RB Salzburg Strahinja Pavlovic
71%
DF Legia Warsaw Filip Mladenovic
64%
DF Werder Bremen Milos Veljkovic
64%
DF Red Star Belgrade Strahinja Erakovic
64%
MF PAOK Andrija Zivkovic
57%
FW Sampdoria Filip Djuricic
57%
DF UD Almeria Srdjan Babic
57%
MF SC Braga Uros Racic
43%
No matching quizzes found
Score Distribution
Percent of People with Each Score
Percentile by Number Answered
Your Score History
You have not taken this quiz